Postcolonial theory and organizational analysis : a critical engagement /

Bibliographic Details
Other Authors: Prasad, Anshuman
Format: Book
Language:English
Published: New York : Palgrave Macmillan, 2003.
Edition:1st ed.
Subjects:

MARC

Tag First Indicator Second Indicator Subfields
LEADER 00000cam a22000004a 4500
001 in00001765621
005 20151025073538.0
008 020918s2003 nyua b 001 0 eng
010 |a  2002033305 
020 |a 0312294050 
035 |a (OCoLC)ocm50669263 
040 |a DLC  |c DLC  |d TXA  |d UtOrBLW 
042 |a pcc 
049 |a TXAM 
050 0 0 |a JV51  |b .P653 2003 
082 0 0 |a 325/.3  |2 21 
245 0 0 |a Postcolonial theory and organizational analysis :  |b a critical engagement /  |c edited by Anshuman Prasad. 
250 |a 1st ed. 
264 1 |a New York :  |b Palgrave Macmillan,  |c 2003. 
300 |a xv, 309 pages :  |b illustrations ;  |c 22 cm. 
336 |a text  |b txt  |2 rdacontent 
337 |a unmediated  |b n  |2 rdamedia 
338 |a volume  |b nc  |2 rdacarrier 
504 |a Includes bibliographical references and index. 
650 0 |a Postcolonialism. 
650 0 |a Organization. 
650 0 |a Organizational sociology. 
700 1 |a Prasad, Anshuman. 
948 |a cataloged  |b h  |c 2003/6/24  |d c  |e dmitchel  |f 12:44:08 pm 
994 |a E0  |b TXA 
999 |a MARS 
999 f f |s e5720566-6f8b-3706-9c94-541b7360f362  |i 0515b910-205c-385f-9513-f0d203758a1d  |t 0 
952 f f |p ric  |a Texas A&M University  |b Rellis Campus  |c Joint Library Facility  |d Remote Storage  |t 0  |e JV51 .P653 2003  |h Library of Congress classification  |i unmediated -- volume  |m A14830372939 
998 f f |a JV51 .P653 2003  |t 0  |l Remote Storage